00827cam a2200217 a 450000100100000000500170001000800410002704000250006808200180009310000380011124500610014926000450021030000210025549000460027649000200032265000280034265000310037083000720040195201210047399900150059400000779520200929154312.0811123s1968 sp 000 0 spa  aDO-SdBNPbspacBNPHU a863.44bV864a1 aVizcaíno, José Antonio.9415510aAños de amor y violencia /cJosé Antonio Vizcaíno. aMadrid :bCatacumba de Gambrinus,c1968. a247 p. ;c21 cm.1 aIntermitente de la Catacumba de Gambrinus1 aHermanos Baroja 4aNovela española91123 4aLiteratura española9632 0aIntermitente de la Catacumba de Gambrinus ;pHermanos Baroja921504 001052708MOaGRbGRcCTd2009-09-10iLF1l0o863.44 V864ap7795-10r2020-06-25w2020-06-25y2ZPréstamo interno c7573d7573